| 000 | 00525nam a2200193 i 4500 | ||
|---|---|---|---|
| 001 | 149474 | ||
| 003 | ES-MaACL | ||
| 005 | 20251005063117.0 | ||
| 007 | t| | ||
| 008 | 071022s1952 sp ||||1| spa d | ||
| 100 | 1 |
_aVázquez, Pura, _d1918-2006 _9113384 |
|
| 245 | 1 | 0 |
_aIntimas / _cpor Pura Vázquez. |
| 260 |
_a[Lugo : _bs.n.], _c1952 ( _fImp. Palacios) |
||
| 300 |
_a27 p. ; _c22 cm. |
||
| 490 | 1 | _aXistral | |
| 830 | 0 |
_aXistral _9187562 |
|
| 852 |
_aES-MaACL _j2005-F-11 _bR.33218 |
||
| 999 |
_c149474 _d149474 |
||